000
00300nam a2200121Ia 4500
008
230917s9999||||xx |||||||||||||| ||und||
040
_e
93816
_a
MAIN
041
_a
English
082
_a
510 K527S
100
_a
Khanijo, Ram Shakti
245
0
_a
Study of some operating policies in queues
942
_c
TH
999
_c
50433
_d
50433